000 00270nam a2200097Ia 4500
001 657884
005 20250826154624.0
008 250824s9999 xx 000 0 und d
245 0 _aKİBARLIK BUDALASI SEVDA DOKTORU ANTİK
_cMOLİERE
260 _bANTİK DÜNYA KLASİKLERİ
999 _c657884
_d657884